000 00491 a2200169 4500
020 _c463.00
035 _aB-77882
037 _bRP-L-5 / NCP-03-04:SPL CH / RP-03-04:ENG
082 1 4 _aN
090 _c2726
_d2726
100 1 _aAreher, Jeffrey
245 1 _aSons of fortune
_cby Jeffrey Archer
260 _aLondon
_bPan Books
_c2003
300 _a517 p
_c18 cm (pbk)
942 _adpl
_cEN
_kN / ARC
999 _c2676
_d2676